जीत या हार रहो तैयार (Record no. 282999)
[ view plain ]
| 000 -LEADER | |
|---|---|
| fixed length control field | 01364nam a2200385 a 4500 |
| 001 - CONTROL NUMBER | |
| control field | vtls000323824 |
| 003 - CONTROL NUMBER IDENTIFIER | |
| control field | NLI |
| 005 - DATE AND TIME OF LATEST TRANSACTION | |
| control field | 20210602144926.0 |
| 008 - FIXED-LENGTH DATA ELEMENTS--GENERAL INFORMATION | |
| fixed length control field | 101231 2007 ii 000 0 hin d |
| 020 ## - INTERNATIONAL STANDARD BOOK NUMBER | |
| International Standard Book Number | 8190390031 |
| Terms of availability | Rs 140 .00 |
| 039 #9 - LEVEL OF BIBLIOGRAPHIC CONTROL AND CODING DETAIL [OBSOLETE] | |
| Level of rules in bibliographic description | 201404011631 |
| Level of effort used to assign nonsubject heading access points | kumars |
| Level of effort used to assign subject headings | 201402102102 |
| Level of effort used to assign classification | kumars |
| -- | 201012312111 |
| -- | hindi1 |
| 040 ## - CATALOGING SOURCE | |
| Original cataloging agency | NLI |
| Language of cataloging | hin |
| Transcribing agency | Hindi Div |
| Description conventions | AACR2 |
| 041 0# - LANGUAGE CODE | |
| Language code of text/sound track or separate title | hin |
| 044 ## - COUNTRY OF PUBLISHING/PRODUCING ENTITY CODE | |
| MARC country code | ii |
| 082 04 - DEWEY DECIMAL CLASSIFICATION NUMBER | |
| Classification number | 158.1 |
| Edition number | 22 |
| 100 1# - MAIN ENTRY--PERSONAL NAME | |
| Linkage | 880 -01 |
| Personal name | पाटनी ,उज्जवल |
| 9 (RLIN) | 251 |
| 245 10 - TITLE STATEMENT | |
| Linkage | 880-02 |
| Title | जीत या हार रहो तैयार |
| Remainder of title | रहो तैयार / |
| Statement of responsibility, etc. | उज्जवल, पाटनी |
| 250 ## - EDITION STATEMENT | |
| Edition statement | ed/ |
| 260 ## - PUBLICATION, DISTRIBUTION, ETC. | |
| Place of publication, distribution, etc. | नईदिल्ली: |
| Name of publisher, distributor, etc. | डायमंड पॉकेटबुक्स, |
| Date of publication, distribution, etc. | 2007 |
| 300 ## - PHYSICAL DESCRIPTION | |
| Extent | 192 p. |
| Dimensions | 21 cm. |
| 650 #0 - SUBJECT ADDED ENTRY--TOPICAL TERM | |
| Topical term or geographic name entry element | Psychology |
| 9 (RLIN) | 5770 |
| 700 1# - ADDED ENTRY--PERSONAL NAME | |
| Linkage | 880-03 |
| 700 1# - ADDED ENTRY--PERSONAL NAME | |
| Linkage | 880-04 |
| 880 1# - ALTERNATE GRAPHIC REPRESENTATION | |
| Linkage | 100-01/ (B |
| a | Pāṭanī, Ujjavala |
| q | Dr |
| 880 10 - ALTERNATE GRAPHIC REPRESENTATION | |
| Linkage | 245-02/ (B |
| a | Jita yā hāra |
| d | Ujjavala Pātanī |
| 880 1# - ALTERNATE GRAPHIC REPRESENTATION | |
| Linkage | 700-03/ (B |
| 880 1# - ALTERNATE GRAPHIC REPRESENTATION | |
| Linkage | 700 -04/ (B |
| 887 ## - NON-MARC INFORMATION FIELD | |
| Content of non-MARC field | Pankaj lib |
| 901 ## - LOCAL DATA ELEMENT A, LDA (RLIN) | |
| a | 86061 |
| b | 6.12.07 |
| 902 ## - LOCAL DATA ELEMENT B, LDB (RLIN) | |
| a | H 158.1 P 725 j |
| 904 ## - LOCAL DATA ELEMENT D, LDD (RLIN) | |
| a | Pankaj lib |
| 949 ## - LOCAL PROCESSING INFORMATION (OCLC) | |
| -- | VIRTUAITEM |
| -- | 10001 |
| -- | 100 |
| 6 | DBA000086061HIN |
| 942 ## - ADDED ENTRY ELEMENTS (KOHA) | |
| Source of classification or shelving scheme | Dewey Decimal Classification |
| Koha item type | Books |
| Withdrawn status | Lost status | Damaged status | Not for loan | Collection code | Home library | Current library | Shelving location | Date acquired | Total Checkouts | Full call number | Barcode | Date last seen | Price effective from | Koha item type |
|---|---|---|---|---|---|---|---|---|---|---|---|---|---|---|
| Hindi | National Library of India | National Library of India | Hindi - Book - Main Stack Division | H 158.1 P 725 j | DBA000086061HIN | 02/06/2021 | 02/06/2021 | Books |
